| 000 | 00820nam a22002415a 4500 | ||
|---|---|---|---|
| 005 | 20090907155643.0 | ||
| 008 | 061030s2007 nyu 000 0 eng | ||
| 010 | _aB-357104 | ||
| 020 |
_a9788189975609 _c110.00 |
||
| 035 | _aB-357104 | ||
| 037 | _bDBAD / PUB | ||
| 040 |
_adpl _bEnglish |
||
| 082 | _aS | ||
| 100 | _aBeechwood, Beth | ||
| 245 |
_aCrush-tastic! / _cadapted by Beth Beechwood |
||
| 260 |
_aNew Delhi _bWestland _c2008 |
||
| 270 |
_aF-5 Okhla Industrial Area, Phase-I, Mezzaine Floor, _bNew Delhi _e110020 |
||
| 300 |
_a126p.: _bill. _c20cm(pbk) |
||
| 490 | _aHannah montana | ||
| 650 | _aFiction | ||
| 942 |
_2ddc _cCH _hS _mBEE |
||
| 999 |
_c30159 _d30159 |
||